Weedflower / (Record no. 3515)

MARC details
000 -LEADER
fixed length control field 00907nam a22002417a 4500
001 - CONTROL NUMBER
control field 3515
003 - CONTROL NUMBER IDENTIFIER
control field FISKH
005 - DATE AND TIME OF LATEST TRANSACTION
control field 20240315094226.0
008 - FIXED-LENGTH DATA ELEMENTS--GENERAL INFORMATION
fixed length control field 240315b cb ||||| |||| 00| 0 eng d
040 ## - CATALOGING SOURCE
Original cataloging agency FISK
Language of cataloging eng
Transcribing agency FISK
Modifying agency FISK
050 ## - LIBRARY OF CONGRESS CALL NUMBER
Classification number PZ7.K1166
082 ## - DEWEY DECIMAL CLASSIFICATION NUMBER
Classification number 813.54
100 ## - MAIN ENTRY--PERSONAL NAME
Personal name Kadohata Cynthia
Dates associated with a name 1956-
245 ## - TITLE STATEMENT
Title Weedflower /
Statement of responsibility, etc. Cynthia Kadohata
260 ## - PUBLICATION, DISTRIBUTION, ETC.
Place of publication, distribution, etc. New York :
Name of publisher, distributor, etc. Scholastic,
Date of publication, distribution, etc. 2006
300 ## - PHYSICAL DESCRIPTION
Extent 260 pages :
Dimensions 20 cm
505 ## - FORMATTED CONTENTS NOTE
Formatted contents note M
520 ## - SUMMARY, ETC.
Summary, etc. After twelve-year-old Sumiko and her Japanese-American family are relocated from their flower farm in southern California to an internment camp on a Mojave Indian reservation in Arizona, she helps her family and neighbors, becomes friends with a local Indian boy, and tries to hold on to her dream of owning a flower shop.
521 8# - TARGET AUDIENCE NOTE
Target audience note 750
Source Lexile
700 ## - ADDED ENTRY--PERSONAL NAME
Personal name Cynthia Kadohata
942 ## - ADDED ENTRY ELEMENTS (KOHA)
Source of classification or shelving scheme Dewey Decimal Classification
Koha item type Books
Suppress in OPAC No
Holdings
Withdrawn status Lost status Source of classification or shelving scheme Damaged status Not for loan Collection Home library Current library Shelving location Date acquired Total Checkouts Full call number Barcode Date last seen Date last checked out Copy number Price effective from Koha item type
    Dewey Decimal Classification     Fiction Footprints International School Library Network Toul Kork Campus Footprints International School Library Network Toul Kork Campus   03/15/2024 1 KAD PZ7.K1166 813.54 2024-0340 08/22/2025 05/16/2025 1 03/15/2024 Books